| 000 | 01248nam a2200313 a 4500 | ||
|---|---|---|---|
| 001 | ebr10705873 | ||
| 003 | CaPaEBR | ||
| 006 | m o u | ||
| 007 | cr cn||||||||| | ||
| 008 | 130603s2013 enkad sb 001 0 eng d | ||
| 020 | _z9781781902851 | ||
| 020 | _z9781781902868 (e-book) | ||
| 040 |
_aCaPaEBR _cCaPaEBR |
||
| 035 | _a(OCoLC)848008667 | ||
| 050 | 1 | 4 |
_aHE199.A2 _bF74 2013eb |
| 245 | 0 | 0 |
_aFreight transport modelling _h[electronic resource] / _cedited by Moshe Ben Akiva, Hilde Meersman, Eddy van de Voorde. |
| 250 | _a1st ed. | ||
| 260 |
_aBingley, United Kingdom : _bEmerald, _c2013. |
||
| 300 |
_axiv, 497 p. : _bill. (some col.) |
||
| 504 | _aIncludes bibliographical references and indexes. | ||
| 533 |
_aElectronic reproduction. _bPalo Alto, Calif. : _cebrary, _d2013. _nAvailable via World Wide Web. _nAccess may be limited to ebrary affiliated libraries. |
||
| 650 | 0 |
_aFreight and freightage _xMathematical models. |
|
| 655 | 7 |
_aElectronic books. _2local |
|
| 700 | 1 | _aBen Akiva, Moshe. | |
| 700 | 1 | _aMeersman, Hilde. | |
| 700 | 1 | _aVoorde, Eddy van de. | |
| 710 | 2 | _aebrary, Inc. | |
| 856 | 4 | 0 |
_uhttp://site.ebrary.com/lib/rucke/Doc?id=10705873 _zAn electronic book accessible through the World Wide Web; click to view |
| 999 |
_c19006 _d19006 |
||